000 01040cam a22003135a 4500
999 _c9199
_d9199
003 EG-ScBUE
005 20201125063754.0
007 ta
008 090708r20101987enka f b f000 0 eng d
020 _a9780194370967
040 _aEG-ScBUE
_beng
_erda
_cEG-ScBUE
_dEG-ScBUE
082 0 4 _a428.007
_bNOL
_222
100 1 _aNolasco, Rob,
_eauthor.
_97777
245 1 0 _aConversation /
_cRob Nolasco, Lois Arthur.
250 _aReprint edition.
264 1 _aOxford ;
_aNew York :
_bOxford University Press,
_c2010.
300 _a150 pages :
_billustrations ;
_c25 cm.
336 _2rdacontent
_atext
_btxt
337 _2rdamedia
_aunmediated
_bn
338 _2rdacarrier
_avolume
_bnc
490 0 _aResource books for teachers
504 _aIncludes bibliographical references.
590 _aEman kamel
650 7 _aEnglish language
_xSpoken English
_xStudy and teaching.
_2BUEsh
_926146
653 _bHHUUEENN
_cOctober2015
_cJuly2019
655 _vReading book
_934232
700 1 _aArthur, Lois,
_eauthor.
_97780
942 _cBB
_k428.0071 NOL
_2ddc